Does venture capital financing make a difference?/
Saved in:
| Main Author: | |
|---|---|
| Format: | Thesis |
| Language: | English |
| Published: |
Saint Louis :
:Washington University,
1995
|
| Subjects: | |
| Tags: |
Add Tag
No Tags, Be the first to tag this record!
|
| LEADER | 010510000a22003130004500 | ||
|---|---|---|---|
| 001 | 136971 | ||
| 005 | 20021117214600.0 | ||
| 008 | 970423s1995 wau g m 000 0 eng d | ||
| 035 | |a 457919 | ||
| 035 | |a (Sirsi) 136971 | ||
| 040 | |a UIAM |b eng |e rda | ||
| 050 | 0 | |a HG4751 | |
| 100 | 1 | |a Al Suwailem, Sami, |e author | |
| 245 | 1 | 0 | |a Does venture capital financing make a difference?/ |c by Sami Al-Suwailem |
| 264 | 1 | |a Saint Louis : |b :Washington University, |c 1995 | |
| 300 | |a viii, 146 pages : |b illustrations ; |c 28 cm. | ||
| 336 | |2 rdacontent |a text | ||
| 337 | |2 rdamedia |a unmediated | ||
| 338 | |2 rdacarrier |a volume | ||
| 502 | |a Thesis (Ph. D.)--Washington University, 1995. | ||
| 533 | |a One copy | ||
| 596 | |a 1 | ||
| 650 | 0 | |a Venture capital | |
| 650 | 0 | |a Capital investments | |
| 655 | 0 | 7 | |a Theses, non-IIUM |
| 710 | 2 | |a Washington University | |
| 900 | |a adm-bal-naw | ||
| 999 | |c 430980 |d 462471 | ||
| 952 | |0 0 |6 T HG 004751 A316D 1995 |7 0 |8 THESES |9 750621 |a IIUM |b IIUM |c MULTIMEDIA |g 0.00 |o t HG 4751 A316D 1995 |p 00000457951 |r 2017-10-19 |t 1 |v 0.00 |y THESIS | ||
